The mineral resources of Washington, (Record no. 26151)

MARC details
000 -LEADER
fixed length control field 00745cam a22002291 4500
001 - CONTROL NUMBER
control field gs 22000051
003 - CONTROL NUMBER IDENTIFIER
control field DLC
005 - DATE AND TIME OF LATEST TRANSACTION
control field 20260227111326.0
008 - FIXED-LENGTH DATA ELEMENTS--GENERAL INFORMATION
fixed length control field 821208s1921 wauabf 000 0 eng
010 ## - LIBRARY OF CONGRESS CONTROL NUMBER
LC control number gs 22000051
035 ## - SYSTEM CONTROL NUMBER
System control number (OCoLC)29098289
040 ## - CATALOGING SOURCE
Original cataloging agency DLC
Transcribing agency MnU
Modifying agency DLC
042 ## - AUTHENTICATION CODE
Authentication code premarc
043 ## - GEOGRAPHIC AREA CODE
Geographic area code n-us-wa
050 00 - LIBRARY OF CONGRESS CALL NUMBER
Classification number QE175
Item number .A3 no. 21
100 1# - MAIN ENTRY--PERSONAL NAME
Personal name Patty, Ernest N.
Fuller form of name (Ernest Newton),
Dates associated with a name 1894-1976.
245 14 - TITLE STATEMENT
Title The mineral resources of Washington,
260 ## - PUBLICATION, DISTRIBUTION, ETC.
Place of publication, distribution, etc. Olympia,
Name of publisher, distributor, etc. F. M. Lamborn, public printer,
Date of publication, distribution, etc. 1921.
300 ## - PHYSICAL DESCRIPTION
Extent 155 p.
Other physical details illus., plates. fold. map (in pocket)
Dimensions 23 cm.
650 #0 - SUBJECT ADDED ENTRY--TOPICAL TERM
Topical term or geographic name entry element Mines and mineral resources
Geographic subdivision Washington (State)
700 1# - ADDED ENTRY--PERSONAL NAME
Personal name Glover, Sheldon L.
Fuller form of name (Sheldon Latta),
Dates associated with a name 1891-1969,
Relator term joint author.

No items available.

Powered by Koha